[Event "Elit(Skara-Farsta)"]
[Site "?"]
[Date "2009.03.14"]
[Round "10"]
[White "Backelin, Rickard"]
[Black "Mohammadi, Amir"]
[Result "1-0"]
[WhiteElo "2407"]
[BlackElo "2324"]
[PlyCount "99"]

1. e4 c5 2. Nf3 e6 3. c4 Nc6 4. Nc3 b6 5. d4 cxd4 6. Nxd4 Bb7 7. Be2 Nf6 8. O-O
Qb8 9. Kh1 Bc5 10. Nc2 Ne7 11. Bd3 O-O 12. f4 a5 13. e5 Ne8 14. Qh5 g6 15. Qe2
d5 16. cxd5 Nxd5 17. Ne4 Be7 18. Nd4 Nb4 19. Bc4 Qc7 20. b3 Rd8 21. Bb2 Bc5 22.
Nf3 Nd5 23. Nxc5 Qxc5 24. Nd4 Ng7 25. Bxd5 Rxd5 26. Rac1 Qe7 27. Nf3 Rfd8 28.
Qe3 Qb4 29. Rc4 Nf5 30. Qc1 Qf8 31. Rc3 Qh6 32. Kg1 R5d7 33. Rc7 Ba6 34. Rxd7
Rxd7 35. Rd1 Rxd1+ 36. Qxd1 Qf8 37. Qd7 Qc5+ 38. Kh1 Qf2 39. Qd8+ Kg7 40. Qf6+
Kg8 41. Qd8+ Kg7 42. Ba3 Qf1+ 43. Ng1 h5 44. Qf8+ Kh7 45. Qxf7+ Kh8 46. Qxe6
Bd3 47. Qf6+ Kh7 48. Qf7+ Kh8 49. e6 Qxf4 50. Bb2+ 1-0

[Event "Elit(Skara-Farsta)"]
[Site "?"]
[Date "2009.03.14"]
[Round "10"]
[White "Eklund, Lars-Goran"]
[Black "Svensk, Ingemar"]
[Result "1/2-1/2"]
[WhiteElo "2383"]
[BlackElo "2259"]
[PlyCount "120"]

1. Nf3 d5 2. c4 e6 3. d4 Nf6 4. Nc3 c5 5. e3 a6 6. a3 Nc6 7. Be2 dxc4 8. Bxc4
Qc7 9. O-O Bd6 10. dxc5 Bxc5 11. Bd2 O-O 12. Rc1 Rd8 13. Qc2 Ne5 14. Be2 Bd7
15. Nd5 Nxd5 16. Qxc5 Nxf3+ 17. Bxf3 Qxc5 18. Rxc5 Rac8 19. Rfc1 Rxc5 20. Rxc5
Rc8 21. Rxc8+ Bxc8 22. e4 Ne7 23. Bc3 Nc6 24. Bg4 f6 25. f4 Bd7 26. Kf2 Kf7 27.
Ke3 Ke7 28. Bd1 e5 29. g3 Be6 30. Ba4 b5 31. Bd1 Kd6 32. Be2 Bf7 33. h4 Bb3 34.
Bh5 Ke7 35. Bg4 Be6 36. Be2 Bb3 37. Bg4 Be6 38. Bd1 Kd6 39. Bd2 Bf7 40. Kd3
Bc4+ 41. Ke3 Be6 42. Be2 Bb3 43. Bh5 Ke7 44. Kd3 Bc4+ 45. Kc3 Bf7 46. Bd1 Kd6
47. Be3 Be6 48. b4 g6 49. Bc5+ Kd7 50. a4 bxa4 51. Bxa4 exf4 52. gxf4 Kc7 53.
Bd1 Kb7 54. Bf3 Kc7 55. Bf8 Na7 56. Kd4 a5 57. bxa5 Nc6+ 58. Kc5 Nxa5 59. Kb4
Nc6+ 60. Kc3 Kd7 1/2-1/2

[Event "Elit(Skara-Farsta)"]
[Site "?"]
[Date "2009.03.14"]
[Round "10"]
[White "Lindeman, Sven"]
[Black "Friberg, Hans"]
[Result "1-0"]
[WhiteElo "2195"]
[BlackElo "2287"]
[PlyCount "87"]

1. e4 e6 2. d3 d5 3. Nd2 g6 4. Ngf3 Bg7 5. g3 Ne7 6. Bg2 O-O 7. h4 c5 8. h5
Nbc6 9. Qe2 b6 10. a3 Bb7 11. Nf1 Qd7 12. Ne3 f5 13. hxg6 hxg6 14. Ng5 Nd4 15.
Qd1 Rad8 16. c3 Ndc6 17. exf5 exf5 18. f4 Rfe8 19. Kf2 Bf6 20. Rh6 Bxg5 21.
fxg5 Kg7 22. d4 cxd4 23. cxd4 Rh8 24. b4 Rdf8 25. Rxh8 Rxh8 26. Nf1 Nd8 27. Bf4
Nf7 28. Nd2 Rc8 29. Nf3 Nd6 30. Be5+ Kf7 31. Qh1 Ne4+ 32. Kg1 Qe8 33. Qh7+ Ke6
34. Re1 Qg8 35. Qh4 Rc3 36. Bf6 Nc6 37. Nd2 Rxa3 38. Nxe4 fxe4 39. Bxe4 dxe4
40. Qxe4+ Kd6 41. b5 Rxg3+ 42. Kf2 Rb3 43. bxc6 Bxc6 44. Qf4+ 1-0

[Event "Elit(Skara-Farsta)"]
[Site "?"]
[Date "2009.03.14"]
[Round "10"]
[White "Cederqvist, Niclas"]
[Black "Magnusson, Jorgen"]
[Result "1-0"]
[WhiteElo "2166"]
[BlackElo "2301"]
[PlyCount "81"]

1. d4 f5 2. c4 Nf6 3. g3 g6 4. Bg2 Bg7 5. Nf3 O-O 6. O-O d6 7. Nc3 c6 8. Qc2
Na6 9. b3 Qe8 10. Ba3 b5 11. Bb2 Bd7 12. e3 e5 13. dxe5 dxe5 14. e4 b4 15. Nd1
Nxe4 16. Re1 Qb8 17. Nh4 Ng5 18. Qd2 Qd8 19. Bxe5 Bxe5 20. Rxe5 Qf6 21. f4 Rad8
22. Rc1 Bc8 23. Qe3 Nf7 24. Re7 Qd6 25. Nf2 Bd7 26. c5 Qf6 27. Nf3 Nc7 28. Ng5
Nd5 29. Bxd5 cxd5 30. Nxf7 Rxf7 31. Rxf7 Qxf7 32. c6 Bc8 33. Nd3 d4 34. Qf3 a5
35. Ne5 Qd5 36. Kf2 Qb5 37. Qd3 Qb6 38. Qc4+ Kh8 39. Nf7+ Kg7 40. Nxd8 d3+ 41.
Kf3 1-0

[Event "Elit(Skara-Farsta)"]
[Site "?"]
[Date "2009.03.14"]
[Round "10"]
[White "Hedin, Gunnar"]
[Black "Nyman, Johan"]
[Result "1-0"]
[WhiteElo "2146"]
[BlackElo "2019"]
[PlyCount "61"]

1. d4 d5 2. c4 c6 3. Nf3 Nf6 4. Nc3 e6 5. e3 Nbd7 6. Qc2 Bd6 7. Be2 O-O 8. O-O
b6 9. e4 dxe4 10. Nxe4 Nxe4 11. Qxe4 Bb7 12. Bg5 Nf6 13. Qc2 Qe7 14. Ne5 Rfd8
15. Ng4 e5 16. Bd3 e4 17. Bxe4 Bxh2+ 18. Kh1 Rxd4 19. Bxh7+ Kh8 20. Nxh2 c5 21.
Bf5 Qe5 22. f4 Qe3 23. Rae1 Qg3 24. Qf2 Nh5 25. Re3 Rd2 26. Qxg3 Nxg3+ 27. Rxg3
Rxb2 28. Re1 Rxa2 29. Rh3+ Kg8 30. Bh7+ Kf8 31. Be4 1-0

[Event "Elit(Skara-Farsta)"]
[Site "?"]
[Date "2009.03.14"]
[Round "10"]
[White "Jacobsson, Erik"]
[Black "Wieweg, Johnny"]
[Result "1/2-1/2"]
[WhiteElo "2110"]
[BlackElo "2203"]
[PlyCount "167"]

1. e4 e5 2. Nf3 Nc6 3. Bb5 Nd4 4. Nxd4 exd4 5. O-O Bc5 6. d3 Qh4 7. Nd2 c6 8.
Bc4 d6 9. Nf3 Qh5 10. Ng5 Qxd1 11. Bxf7+ Ke7 12. Rxd1 Nf6 13. Bb3 Rf8 14. h3 h6
15. Nf3 Nh5 16. Bd2 g5 17. Nh2 Kf6 18. Re1 Bd7 19. Re2 Rae8 20. Ree1 Kg6 21. a4
Rf6 22. Ng4 Rff8 23. Rab1 Nf4 24. Bxf4 Rxf4 25. f3 h5 26. Nh2 g4 27. g3 Rff8
28. hxg4 hxg4 29. f4 Rh8 30. Kg2 Rh3 31. Rh1 Reh8 32. Rbf1 Bb4 33. f5+ Kg5 34.
Rf4 Rxg3+ 35. Kxg3 Rh3+ 36. Kg2 Kxf4 37. Rf1+ Kg5 38. f6 d5 39. f7 Rh8 40. exd5
Bd6 41. Rh1 Rf8 42. Rf1 c5 43. c4 Bf5 44. Rd1 Rxf7 45. Nf1 Re7 46. Kf2 Bf4 47.
Bc2 a5 48. Rb1 Rh7 49. Re1 g3+ 50. Kg1 Bh3 51. Re8 Bxf1 52. Rg8+ Kf6 53. Rf8+
Ke5 54. Re8+ Kd6 55. Kxf1 Rh2 56. Re2 Rh6 57. Re6+ Rxe6 58. dxe6 Kxe6 59. Kg2
Kf5 60. Kf3 Kg5 61. Bd1 Kh4 62. Kg2 Bd2 63. Bf3 b6 64. Bd1 Be1 65. Bf3 Kg5 66.
Kf1 Kf4 67. Ke2 Bd2 68. Bg2 Be3 69. Bd5 Bc1 70. b3 Bb2 71. Bc6 Bc3 72. Bd5 Kg4
73. Be6+ Kf4 74. Bd5 Bb4 75. Bc6 Kg4 76. Bd7+ Kf4 77. Bc6 Ba3 78. Bd5 Bc1 79.
Bc6 Be3 80. Bd5 Bg1 81. Bc6 Kg4 82. Bd7+ Kf4 83. Bc6 Bf2 84. Bd5 1/2-1/2

[Event "Elit(Rockaden-Limhamn)"]
[Site "?"]
[Date "2009.03.14"]
[Round "10"]
[White "Hector, Jonny"]
[Black "Nielsen, Peter Heine"]
[Result "0-1"]
[WhiteElo "2614"]
[BlackElo "2710"]
[PlyCount "62"]

1. e4 c6 2. d4 d5 3. f3 e6 4. Nc3 Nf6 5. Be3 dxe4 6. fxe4 Bb4 7. Qf3 Qa5 8.
Nge2 c5 9. d5 exd5 10. exd5 Bg4 11. Qg3 Bxe2 12. Qe5+ Kd8 13. Bxe2 Re8 14. Qd6+
Nbd7 15. Bd2 Re5 16. O-O c4 17. Ne4 Bxd2 18. Nxf6 gxf6 19. Bg4 Qb6+ 20. Qxb6+
axb6 21. Bxd7 Kxd7 22. Rxf6 Ke7 23. Raf1 Be3+ 24. Kh1 Rf8 25. d6+ Ke8 26. b4
Bg5 27. R6f3 f5 28. h4 Bd8 29. Rf4 b5 30. g4 Bxh4 31. gxf5 Bg5 0-1

[Event "Elit(Rockaden-Limhamn)"]
[Site "?"]
[Date "2009.03.14"]
[Round "10"]
[White "Barkhagen, Jonas"]
[Black "Brynell, Stellan"]
[Result "0-1"]
[WhiteElo "2535"]
[BlackElo "2586"]
[PlyCount "48"]

1. d4 Nf6 2. c4 e6 3. Nc3 Bb4 4. Qc2 O-O 5. a3 Bxc3+ 6. Qxc3 Ne4 7. Qc2 f5 8.
Nh3 Nc6 9. e3 d6 10. f3 Ng5 11. Nf2 e5 12. dxe5 dxe5 13. Be2 a5 14. b3 f4 15.
O-O Bf5 16. Bd3 Bxd3 17. Nxd3 e4 18. Nxf4 exf3 19. h4 Rxf4 20. exf4 Nd4 21. Qb2
Ne4 22. gxf3 Ng3 23. Be3 Nge2+ 24. Kg2 Qxh4 0-1

[Event "Elit(Rockaden-Limhamn)"]
[Site "?"]
[Date "2009.03.14"]
[Round "10"]
[White "Hellers, Ferdinand"]
[Black "Cmilyte, Viktorija"]
[Result "1/2-1/2"]
[WhiteElo "2608"]
[BlackElo "2547"]
[PlyCount "87"]

1. e4 c5 2. Nf3 Nc6 3. d4 cxd4 4. Nxd4 Nf6 5. Nc3 e5 6. Ndb5 d6 7. Nd5 Nxd5 8.
exd5 Nb8 9. c4 Be7 10. Bd3 a6 11. Nc3 O-O 12. O-O f5 13. f3 Bg5 14. Bxg5 Qxg5
15. Qc1 Qf6 16. Qe3 Nd7 17. Bc2 a5 18. a3 e4 19. f4 Nc5 20. b3 Bd7 21. Rab1
Rfc8 22. Rfc1 h6 23. h3 Rc7 24. b4 axb4 25. axb4 Ra3 26. Nxe4 Nxe4 27. Qxa3
Qd4+ 28. Kh2 Nc3 29. Ra1 Qxf4+ 30. Kh1 Ne2 31. Re1 Ng3+ 32. Kg1 Rxc4 33. Qe3
Rxb4 34. Qxf4 Rxf4 35. Re7 Bb5 36. Rxb7 Bc4 37. Raa7 Nh5 38. g4 Rf1+ 39. Kg2
Nf4+ 40. Kg3 Bxd5 41. Rxg7+ Kf8 42. Rgc7 Rf3+ 43. Kh2 Rf2+ 44. Kg3 1/2-1/2

[Event "Elit(Rockaden-Limhamn)"]
[Site "?"]
[Date "2009.03.14"]
[Round "10"]
[White "Karlsson, Lars"]
[Black "Ahlander, Bjorn"]
[Result "1-0"]
[WhiteElo "2508"]
[BlackElo "2524"]
[PlyCount "55"]

1. g3 Nf6 2. Bg2 d5 3. f4 g6 4. Nf3 Bg7 5. d3 O-O 6. O-O c5 7. Nc3 d4 8. Ne4
Nxe4 9. dxe4 Nc6 10. e5 Bf5 11. Nh4 Be6 12. e4 Bc4 13. Rf2 e6 14. Nf3 Ba6 15.
Bf1 Bxf1 16. Qxf1 a6 17. h4 b5 18. h5 c4 19. hxg6 hxg6 20. Qh3 Re8 21. Rh2 Ra7
22. f5 exf5 23. exf5 Nxe5 24. Nxe5 Rxe5 25. Qh7+ Kf8 26. Bh6 Bxh6 27. Qh8+ Ke7
28. Qxe5+ 1-0

[Event "Elit(Rockaden-Limhamn)"]
[Site "?"]
[Date "2009.03.14"]
[Round "10"]
[White "Schneider, Stefan"]
[Black "Wessman, Richard"]
[Result "1/2-1/2"]
[WhiteElo "2451"]
[BlackElo "2482"]
[PlyCount "115"]
[EventDate "2009.??.??"]

1. d4 d5 2. c4 c6 3. Nf3 Nf6 4. e3 Bg4 5. Nc3 e6 6. h3 Bxf3 7. Qxf3 Nbd7 8. Bd3
Be7 9. O-O O-O 10. Rd1 Qc7 11. b3 Rfe8 12. Bb2 Rad8 13. Rac1 Qb8 14. Qe2 Nf8
15. a3 Ng6 16. b4 Bf8 17. b5 dxc4 18. Bxc4 c5 19. dxc5 Bxc5 20. Na4 Bd6 21. b6
Bh2+ 22. Kh1 Be5 23. Bb5 Rf8 24. Bxe5 Nxe5 25. Qb2 axb6 26. Nxb6 Rxd1+ 27. Rxd1
Qc7 28. Bf1 h6 29. Kg1 Nfd7 30. Rb1 Rd8 31. Nxd7 Rxd7 32. Qb5 Nc6 33. Bd3 Qd6
34. Rd1 g6 35. Be2 Qe7 36. Rxd7 Qxd7 37. Bf3 Qc7 38. a4 Na5 39. g3 b6 40. Kg2
h5 41. g4 hxg4 42. hxg4 Kg7 43. Qb2+ Kg8 44. Qb4 Nb7 45. Qb5 Nc5 46. Bc6 Qd6
47. Qxb6 Nxa4 48. Qa6 Nc5 49. Qa8+ Kg7 50. Qa1+ e5 51. Bf3 Kf6 52. Qc3 Kg7 53.
Qc4 Qe7 54. Bd5 Nd7 55. Qc7 Kf8 56. Qc8+ Kg7 57. Qc7 Kf8 58. Qc8+ 1/2-1/2

[Event "Elit(Rockaden-Limhamn)"]
[Site "?"]
[Date "2009.03.14"]
[Round "10"]
[White "Blomqvist, Erik"]
[Black "Jepson, Christian"]
[Result "1-0"]
[WhiteElo "2502"]
[BlackElo "2438"]
[PlyCount "115"]

1. e4 e5 2. Nf3 Nc6 3. Bb5 Nf6 4. O-O Bc5 5. Nxe5 Nxe4 6. Qe2 Nxe5 7. Qxe4 Qe7
8. d4 Nc6 9. Qxe7+ Bxe7 10. c3 d5 11. Bf4 Kd8 12. Nd2 Bd7 13. Rfe1 Re8 14. Nf1
h5 15. h3 Bf6 16. Rxe8+ Bxe8 17. Re1 Bd7 18. Bxc6 bxc6 19. Be5 Bxe5 20. Rxe5
Rb8 21. b3 g6 22. Re2 Rb5 23. b4 a5 24. a3 Rb8 25. Nd2 a4 26. h4 Bf5 27. Re3
Kd7 28. f3 Rg8 29. Kf2 f6 30. c4 dxc4 31. Nxc4 Rd8 32. Na5 Rb8 33. Rc3 Rb6 34.
Nc4 Rb8 35. Nb2 Ra8 36. Rc5 Kd6 37. Ra5 Rxa5 38. bxa5 Kd5 39. Ke3 c5 40. dxc5
Kxc5 41. Nxa4+ Kb5 42. Nc3+ Kxa5 43. Kd4 g5 44. g3 Bc8 45. f4 gxf4 46. gxf4 Bb7
47. Kc5 Bf3 48. Nb5 Ka4 49. Nxc7 Kxa3 50. Ne8 Kb3 51. Kd4 Kc2 52. Nxf6 Kd2 53.
Ne4+ Ke2 54. f5 Bg4 55. Ke5 Bxf5 56. Kxf5 Kf3 57. Nf6 Kg3 58. Kg5 1-0

[Event "Elit(Rockaden-Limhamn)"]
[Site "?"]
[Date "2009.03.14"]
[Round "10"]
[White "Penalver, Osmani"]
[Black "Hermansson, Emil"]
[Result "1-0"]
[WhiteElo "2279"]
[BlackElo "2474"]
[PlyCount "79"]

1. d4 Nf6 2. c4 g6 3. Nc3 d5 4. Nf3 Bg7 5. Bg5 dxc4 6. e3 Be6 7. Ne5 c5 8. Qa4+
Nfd7 9. d5 Bf5 10. Nxc4 O-O 11. Qb5 Na6 12. d6 f6 13. dxe7 Qxe7 14. Bf4 Ne5 15.
Nxe5 fxe5 16. Bc4+ Kh8 17. Nd5 Qd7 18. Qxd7 Bxd7 19. Bg3 b5 20. Be2 c4 21. O-O
Nc5 22. Rfd1 Bf5 23. Nc7 Rab8 24. Rd5 Nd3 25. Bxd3 cxd3 26. f3 Rfc8 27. e4 Rxc7
28. exf5 gxf5 29. Rxd3 Rc2 30. Rad1 Bf6 31. Rd6 Kg7 32. Rd7+ Kf8 33. Rxh7 Rbc8
34. Bh4 Bg7 35. Rd7 Rxb2 36. h3 f4 37. Rdxg7 Rc1+ 38. Kh2 Rbb1 39. Be7+ Ke8 40.
Rg8+ 1-0

[Event "Elit(Rockaden-Limhamn)"]
[Site "?"]
[Date "2009.03.14"]
[Round "10"]
[White "Olsson, Anders"]
[Black "Tadjerbashi, Amir"]
[Result "1-0"]
[WhiteElo "2468"]
[BlackElo "2260"]
[PlyCount "107"]

1. e4 e5 2. Nf3 Nc6 3. Bc4 Bc5 4. O-O Nf6 5. d3 d6 6. c3 a6 7. Nbd2 Ba7 8. Bb3
O-O 9. h3 h6 10. Re1 Nh5 11. Nf1 Qf6 12. Be3 Bxe3 13. fxe3 g6 14. d4 Kh8 15.
Rc1 Qe7 16. c4 Ng7 17. c5 f5 18. cxd6 cxd6 19. Bc2 fxe4 20. Bxe4 Bf5 21. Bxc6
bxc6 22. e4 Bd7 23. dxe5 dxe5 24. N1d2 Rad8 25. Qc2 Kh7 26. Qc5 Qf6 27. Qxe5
Qxe5 28. Nxe5 Bxh3 29. Ndf3 Be6 30. Rxc6 Bxa2 31. Nxg6 Rfe8 32. Nge5 Re6 33.
Ra1 Rxc6 34. Nxc6 Rd6 35. Nfd4 Bc4 36. Kf2 Ne6 37. Ke3 Nxd4 38. Nxd4 Rb6 39.
Rc1 Bf7 40. Rc7 Kg7 41. e5 Kg6 42. Rc2 Bd5 43. Rf2 Kg5 44. Rf5+ Kg4 45. Rf2 h5
46. e6 Bxe6 47. Rf6 Kg5 48. Rxe6 Rxb2 49. Nf3+ Kf5 50. Rxa6 Rb3+ 51. Kf2 Rb2+
52. Kg3 Rb8 53. Nh4+ Ke4 54. Ra4+ 1-0

[Event "Elit(Rockaden-Sollentuna)"]
[Site "?"]
[Date "2009.03.15"]
[Round "11"]
[White "Agrest, Evgenij"]
[Black "Barkhagen, Jonas"]
[Result "1/2-1/2"]
[WhiteElo "2692"]
[BlackElo "2535"]
[PlyCount "84"]
[SourceDate "2009.03.18"]

1. c4 e5 2. Nc3 Nf6 3. Nf3 Nc6 4. g3 Bb4 5. Nd5 Bc5 6. Bg2 d6 7. d3 h6 8. Nd2
Nxd5 9. cxd5 Ne7 10. b4 Bb6 11. Nc4 Bd4 12. Rb1 a6 13. e3 Ba7 14. a4 O-O 15.
O-O Bd7 16. b5 axb5 17. axb5 Bc5 18. Qc2 Ng6 19. Bd2 Qe7 20. Rfe1 Rfc8 21. Bc3
Bf5 22. Qd2 Ra4 23. Ra1 Rxa1 24. Rxa1 Qe8 25. Bf1 Ne7 26. e4 Bd7 27. b6 Bb5 28.
Bh3 Bd7 29. Bxd7 Qxd7 30. d4 exd4 31. Bxd4 Qb5 32. Bxc5 Qxc5 33. Rc1 cxb6 34.
Rc2 Qb5 35. Ne3 Qb1+ 36. Kg2 Rxc2 37. Qxc2 Qxc2 38. Nxc2 f5 39. Kf3 b5 40. Ke3
fxe4 41. Kxe4 Kf7 42. f4 g5 1/2-1/2

[Event "Elit(Rockaden-Sollentuna)"]
[Site "?"]
[Date "2009.03.15"]
[Round "11"]
[White "Nielsen, Peter Heine"]
[Black "Ernst, Thomas"]
[Result "1-0"]
[WhiteElo "2710"]
[BlackElo "2489"]
[PlyCount "79"]

1. d4 d5 2. c4 e6 3. Nc3 Nf6 4. Nf3 Be7 5. Bf4 O-O 6. e3 c5 7. dxc5 Bxc5 8. a3
Nc6 9. Qc2 Qa5 10. Rd1 Be7 11. Be2 dxc4 12. Bxc4 e5 13. Bg3 e4 14. Nd2 Bg4 15.
Rc1 Ne5 16. b4 Nd3+ 17. Qxd3 Qxa3 18. Qc2 Bxb4 19. O-O Qxc3 20. Qxc3 Bxc3 21.
Rxc3 Rfd8 22. Nb3 a6 23. Na5 b5 24. Bb3 Nd5 25. Rc5 Nb4 26. h3 Nd3 27. Rc7 Be6
28. Bxe6 fxe6 29. Nc6 Re8 30. Ra1 h6 31. Bd6 a5 32. Rxa5 Rxa5 33. Nxa5 Ra8 34.
Nb3 Ra2 35. Nd4 Rxf2 36. Nxe6 Rf6 37. Rxg7+ Kh8 38. Re7 b4 39. Bc5 Rxe6 40.
Bd4+ 1-0

[Event "Elit(Rockaden-Sollentuna)"]
[Site "?"]
[Date "2009.03.15"]
[Round "11"]
[White "Ivanov, Sergej"]
[Black "Blomqvist, Erik"]
[Result "1-0"]
[WhiteElo "2622"]
[BlackElo "2502"]
[PlyCount "53"]

1. d4 d5 2. c4 c6 3. Nc3 Nf6 4. e3 e6 5. Nf3 Nbd7 6. Bd3 dxc4 7. Bxc4 b5 8. Bd3
Bb7 9. O-O a6 10. a4 b4 11. Ne4 c5 12. Nxf6+ Nxf6 13. dxc5 Bxc5 14. Qe2 Qd5 15.
Rd1 Qh5 16. e4 Ng4 17. Bb5+ Kf8 18. Rd7 Nxf2 19. Rxb7 axb5 20. Kf1 Rd8 21. Bg5
f6 22. Rc7 fxg5 23. Rxc5 Nd3 24. Rxg5 Qh6 25. Qc2 Qf6 26. Qc7 g6 27. e5 1-0

[Event "Elit(Rockaden-Sollentuna)"]
[Site "?"]
[Date "2009.03.15"]
[Round "11"]
[White "Cmilyte, Viktorija"]
[Black "Poley, Vladimir"]
[Result "1-0"]
[WhiteElo "2547"]
[BlackElo "2484"]
[PlyCount "89"]

1. d4 g6 2. c4 Bg7 3. e4 d6 4. Ne2 e5 5. Be3 Nc6 6. Nbc3 Nh6 7. f3 f5 8. dxe5
Nxe5 9. Ng3 Be6 10. Qd2 Nhf7 11. exf5 gxf5 12. O-O-O h5 13. f4 h4 14. Nxf5 Bxf5
15. fxe5 Nxe5 16. Be2 Qd7 17. Bg5 Nf7 18. Nd5 Nxg5 19. Qxg5 Bh6 20. Nf6+ Kd8
21. Qxh6 Rxh6 22. Nxd7 Kxd7 23. Rhf1 Be6 24. Rf4 Rg8 25. Bf3 c6 26. b3 Rg5 27.
h3 Rg8 28. Rdd4 Rgh8 29. c5 d5 30. Ra4 a6 31. Rab4 Kc7 32. Bg4 Bxg4 33. Rxg4
R8h7 34. Rbf4 b6 35. b4 a5 36. a3 axb4 37. axb4 Kb7 38. Rf8 Ka6 39. Ra8+ Kb7
40. Rgg8 bxc5 41. bxc5 Rf7 42. Ra4 Re6 43. Rga8 Rf1+ 44. Kd2 Rf2+ 45. Kd3 1-0

[Event "Elit(Rockaden-Sollentuna)"]
[Site "?"]
[Date "2009.03.15"]
[Round "11"]
[White "Sagit, Rauan"]
[Black "Karlsson, Lars"]
[Result "1/2-1/2"]
[WhiteElo "2459"]
[BlackElo "2508"]
[PlyCount "73"]

1. e4 d6 2. d4 g6 3. Nf3 Bg7 4. Be2 Nf6 5. Nc3 O-O 6. O-O Nc6 7. h3 e5 8. dxe5
Nxe5 9. Nxe5 dxe5 10. Qxd8 Rxd8 11. Be3 c6 12. b4 Be6 13. a4 Ne8 14. Bd3 Nd6
15. Rfb1 Nc4 16. Bxc4 Bxc4 17. b5 a5 18. bxa6 Bxa6 19. a5 f5 20. Rd1 Rd4 21.
exf5 Rxd1+ 22. Rxd1 gxf5 23. Rd7 e4 24. Bd4 Bxd4 25. Rxd4 Re8 26. Nd1 c5 27.
Ra4 Rd8 28. Ne3 Rd4 29. c4 f4 30. Nd5 Bxc4 31. Nxf4 Bb3 32. Ra1 c4 33. Ne2 Rd3
34. Rc1 Rd5 35. Ra1 Rd3 36. Rc1 Rd5 37. Ra1 1/2-1/2

[Event "Elit(Rockaden-Sollentuna)"]
[Site "?"]
[Date "2009.03.15"]
[Round "11"]
[White "Hermansson, Emil"]
[Black "Lindberg, Bo"]
[Result "1-0"]
[WhiteElo "2474"]
[BlackElo "2423"]
[PlyCount "91"]

1. e4 e5 2. Nf3 Nc6 3. Bb5 a6 4. Ba4 Nf6 5. O-O Be7 6. Re1 b5 7. Bb3 d6 8. c3
O-O 9. h3 Na5 10. Bc2 c5 11. d4 Nd7 12. b3 exd4 13. cxd4 Nc6 14. Nc3 Bf6 15.
Be3 cxd4 16. Nxd4 Nxd4 17. Bxd4 Bb7 18. Rc1 Rc8 19. Bb1 b4 20. Ne2 Re8 21. Rxc8
Qxc8 22. Ng3 Qc7 23. Qd2 a5 24. Rc1 Qb8 25. Rd1 d5 26. exd5 Bxd5 27. Nh5 Be4
28. Nxg7 Kxg7 29. Bxe4 Bxd4 30. Qxd4+ Qe5 31. Bxh7 Nc5 32. Bf5 Kf6 33. g4 Qxd4
34. Rxd4 Ke5 35. Rd2 Ra8 36. Rc2 Kd5 37. Rc4 Rb8 38. Bc2 Re8 39. Kf1 Rh8 40.
Kg2 f6 41. Kg3 Re8 42. h4 Re1 43. h5 Ne6 44. h6 Nd4 45. h7 Rg1+ 46. Kf4 1-0

[Event "Elit(Rockaden-Sollentuna)"]
[Site "?"]
[Date "2009.03.15"]
[Round "11"]
[White "Rosberg, Simon"]
[Black "Engqvist, Thomas"]
[Result "1/2-1/2"]
[WhiteElo "2316"]
[BlackElo "2468"]
[PlyCount "128"]

1. d4 d5 2. Nf3 Nf6 3. c4 c6 4. e3 g6 5. Bd3 Bg7 6. O-O O-O 7. Nc3 Bg4 8. h3
Bxf3 9. Qxf3 e6 10. Rd1 Nbd7 11. cxd5 exd5 12. b3 Re8 13. Ba3 Qa5 14. Bb2 Qb4
15. Rac1 Nb6 16. Nb1 Qe7 17. a4 a5 18. Ba3 Qe6 19. Nd2 Rad8 20. Qe2 Nc8 21. Rc2
Nd6 22. Qe1 Ra8 23. Rdc1 h5 24. Bb2 Bh6 25. Bc3 Nde4 26. Nxe4 dxe4 27. Bc4 Qf5
28. Bf1 h4 29. Be2 Bf8 30. Rd1 Bd6 31. Bc4 b5 32. Be2 Bc7 33. axb5 cxb5 34. Bb2
Bd6 35. d5 Bb4 36. Qf1 Nxd5 37. Bxb5 Red8 38. Rcc1 Rac8 39. Rxc8 Rxc8 40. Bc4
Nc3 41. Rc1 Na2 42. Rc2 Be7 43. Qd1 Nb4 44. Rd2 Bf6 45. Bxf6 Qxf6 46. Rd6 Qf5
47. Rd8+ Rxd8 48. Qxd8+ Kg7 49. Qxh4 Nd3 50. Qg3 Ne5 51. Be2 Nd3 52. f3 Qc5 53.
fxe4 Nc1 54. Bc4 Qxc4 55. Qe5+ f6 56. Qxa5 Nxb3 57. Qa7+ Kh6 58. Qe7 Qc1+ 59.
Kh2 Qxe3 60. Qxf6 Qxe4 61. Qh8+ Kg5 62. Qd8+ Kh6 63. Qh8+ Kg5 64. Qd8+ Kh6
1/2-1/2

[Event "Elit(Rockaden-Sollentuna)"]
[Site "?"]
[Date "2009.03.15"]
[Round "11"]
[White "Olsson, Anders"]
[Black "Couso, Luis"]
[Result "1/2-1/2"]
[WhiteElo "2468"]
[BlackElo "2363"]
[PlyCount "63"]

1. e4 c5 2. Nf3 e6 3. d4 cxd4 4. Nxd4 Nc6 5. Nc3 a6 6. g3 d6 7. Bg2 Bd7 8. O-O
Be7 9. a4 Nf6 10. Nb3 Na5 11. Nxa5 Qxa5 12. Bf4 Qc7 13. Qe2 Bc6 14. Rfd1 O-O
15. e5 dxe5 16. Bxe5 Qc8 17. Ne4 Ne8 18. Nd6 Nxd6 19. Bxd6 Re8 20. Bxe7 Bxg2
21. Kxg2 Rxe7 22. Rd6 Qc5 23. Rad1 g6 24. Qd2 Kg7 25. b3 Rc8 26. c4 Qf5 27. Qe3
Rc5 28. R1d4 Rec7 29. Rd8 Qe5 30. Re4 Qf6 31. Rd3 h5 32. Rf4 1/2-1/2

[Event "Elit(Solna-Upsala)"]
[Site "?"]
[Date "2009.03.15"]
[Round "11"]
[White "Lundvik, Jonas"]
[Black "Karlsson, Tomas"]
[Result "0-1"]
[WhiteElo "2352"]
[BlackElo "2293"]
[PlyCount "78"]

1. d4 e6 2. Nf3 d5 3. g3 Nf6 4. Bg2 Be7 5. O-O O-O 6. c4 dxc4 7. Qc2 a6 8. Qxc4
b5 9. Qc2 Bb7 10. Bf4 Bd6 11. Bxd6 cxd6 12. a4 Nc6 13. axb5 axb5 14. Nbd2 Qb6
15. Qd3 h6 16. h3 e5 17. dxe5 dxe5 18. Ne4 Nxe4 19. Qxe4 Rae8 20. Nh4 Nd8 21.
Qg4 Bxg2 22. Kxg2 Qf6 23. Ra5 Ne6 24. Rxb5 Rb8 25. Rxb8 Rxb8 26. Rb1 Nd4 27.
Qe4 Qe6 28. Nf3 Nxf3 29. exf3 f5 30. Qc2 e4 31. fxe4 fxe4 32. b4 e3 33. fxe3
Kh8 34. e4 Rc8 35. Qe2 Rc4 36. e5 Qc6+ 37. Kg1 Rc2 38. Re1 Rxe2 39. Rxe2 Qf3
0-1

[Event "Elit(Solna-Upsala)"]
[Site "?"]
[Date "2009.03.15"]
[Round "11"]
[White "Jonsson, Mikael"]
[Black "Burwick, Malte"]
[Result "1-0"]
[WhiteElo "2336"]
[BlackElo "2304"]
[PlyCount "77"]

1. d4 g6 2. c4 Bg7 3. e4 d6 4. Nc3 e5 5. d5 f5 6. h4 Nf6 7. h5 Nxe4 8. Nxe4
fxe4 9. Ne2 Nd7 10. Nc3 Nc5 11. Be3 Nd3+ 12. Bxd3 exd3 13. Qxd3 Bf5 14. Ne4 O-O
15. hxg6 Bxg6 16. O-O-O c6 17. f3 c5 18. Rh3 Qe7 19. Rdh1 Rf4 20. Bxf4 exf4 21.
Re1 b5 22. Rhh1 bxc4 23. Qxc4 Rb8 24. Re2 Qd7 25. Rd1 Rb6 26. Rd3 Rb4 27. Qa6
Rb6 28. Qa5 Bxe4 29. fxe4 Qg4 30. Qe1 Be5 31. Rb3 Ra6 32. Kb1 Ra4 33. Qf1 Qc8
34. Qf3 c4 35. Rc2 Kg7 36. Ra3 Qa6 37. Qg4+ Kf6 38. Qf5+ Kg7 39. Qd7+ 1-0

[Event "Elit(Solna-Upsala)"]
[Site "?"]
[Date "2009.03.15"]
[Round "11"]
[White "Andersson, Fredrik"]
[Black "Dalmau, Jorgen"]
[Result "1-0"]
[WhiteElo "2308"]
[BlackElo "2227"]
[PlyCount "93"]

1. e4 e5 2. Nf3 Nc6 3. Bb5 a6 4. Ba4 Nf6 5. O-O Be7 6. Re1 b5 7. Bb3 d6 8. c3
O-O 9. h3 Bb7 10. d4 Re8 11. Nbd2 Bf8 12. d5 Nb8 13. Nf1 Nbd7 14. Ng3 g6 15.
Nh2 c6 16. dxc6 Bxc6 17. Qf3 Qe7 18. a3 Bg7 19. Ba2 Nc5 20. Bg5 h6 21. Bxf6
Bxf6 22. Rad1 Rad8 23. Ng4 Bg5 24. h4 Bf4 25. h5 Kg7 26. Ne3 Bxe3 27. fxe3 Rf8
28. Bd5 Bxd5 29. Rxd5 Na4 30. Rd2 Nb6 31. Qg4 Qg5 32. Qxg5 hxg5 33. b3 Kh6 34.
Rf1 f5 35. hxg6 f4 36. exf4 gxf4 37. Nf5+ Kxg6 38. Nxd6 Rd7 39. Rfd1 Rfd8 40.
c4 Nc8 41. c5 Nxd6 42. Rxd6+ Rxd6 43. Rxd6+ Rxd6 44. cxd6 Kf6 45. b4 Ke6 46.
Kf2 Kxd6 47. Kf3 1-0

[Event "Elit(Solna-Upsala)"]
[Site "?"]
[Date "2009.03.15"]
[Round "11"]
[White "Johansson, Gunnar"]
[Black "Svensson, Mans"]
[Result "1-0"]
[WhiteElo "2255"]
[BlackElo "2242"]
[PlyCount "41"]

1. d4 Nf6 2. Nf3 d5 3. c4 c6 4. e3 a6 5. b3 Bg4 6. Bd3 Nbd7 7. Bb2 e6 8. Nbd2
Be7 9. O-O O-O 10. Qc2 Bxf3 11. Nxf3 h6 12. c5 a5 13. a3 b5 14. b4 a4 15. Rfe1
Qc7 16. Bc3 Rac8 17. Ne5 Nxe5 18. dxe5 Nd7 19. Qb2 f6 20. exf6 Bxf6 21. f4 1-0

[Event "Elit(Solna-Upsala)"]
[Site "?"]
[Date "2009.03.15"]
[Round "11"]
[White "Lindberg, Henrik"]
[Black "Bjarnehag, Peter"]
[Result "1-0"]
[WhiteElo "2268"]
[BlackElo "2159"]
[PlyCount "74"]

1. e4 Nf6 2. e5 Nd5 3. c4 Nb6 4. d4 d6 5. exd6 cxd6 6. Nc3 g6 7. Be3 Bg7 8. b3
O-O 9. Rc1 e5 10. dxe5 dxe5 11. Qxd8 Rxd8 12. c5 N6d7 13. Bc4 Nc6 14. Nf3 Nd4
15. Ng5 Rf8 16. Nce4 Nc6 17. Nd6 Nd8 18. O-O h6 19. Nge4 Kh7 20. Rfd1 Nf6 21.
Nxf6+ Bxf6 22. Nxc8 Rxc8 23. Rd7 Bg5 24. Bd5 Rb8 25. b4 a6 26. a3 Kg7 27. g3
Re8 28. h4 Re7 29. Rd6 Bxe3 30. fxe3 Rc8 31. Rd1 Ne6 32. Kf2 h5 33. Bxe6 fxe6
34. Kf3 Rf8+ 35. Ke4 Rf5 36. Rd8 g5 37. R1d7 Kf7 1-0